Church/mission tensions today. (Record no. 10170)

000 -LEADER
fixed length control field 00612nam a2200193 a 4500
001 - CONTROL NUMBER
control field :::00007955$&:&@@
003 - CONTROL NUMBER IDENTIFIER
control field OkBaRHE
005 - DATE AND TIME OF LATEST TRANSACTION
control field 20000607103340.0
008 - FIXED-LENGTH DATA ELEMENTS--GENERAL INFORMATION
fixed length control field s1972 j 000 0 eng u
020 ## - INTERNATIONAL STANDARD BOOK NUMBER
International Standard Book Number 0802415490
040 ## - CATALOGING SOURCE
Transcribing agency
245 10 - TITLE STATEMENT
Title Church/mission tensions today.
Statement of responsibility, etc Edited by C. Peter Wagner.
260 ## - PUBLICATION, DISTRIBUTION, ETC. (IMPRINT)
Place of publication, distribution, etc Chicago, IL., :
Name of publisher, distributor, etc Moody Press
Date of publication, distribution, etc c1972
300 ## - PHYSICAL DESCRIPTION
Extent 238 p. ;
Dimensions 22 cm.
650 ## - SUBJECT ADDED ENTRY--TOPICAL TERM
Topical term or geographic name as entry element Missions
General subdivision Addresses, Essays, Lectures
700 ## - ADDED ENTRY--PERSONAL NAME
Personal name Wagner, C. Peter, Ed.
942 ## - ADDED ENTRY ELEMENTS (KOHA)
Source of classification or shelving scheme
Koha item type Books
Copies
Damaged status Source of classification or shelving scheme Price effective from Withdrawn status Date acquired Not for loan Barcode Shelving location Lost status Full call number Permanent Location Koha item type Date last seen Copy number
  2010-04-14 2010-04-14 7955General Stacks BV 2070 .C46RHEMA Bible Training CollegeBooks2010-04-141